000
00332nam a2200157Ia 4500
100
_a
Xavier/C
650
_a
HTML
942
_c
BK
366
_f
20
245
_a
World wide web design with HTML
260
_b
Tata Mc Graw hill Ltd.
_c
2000
082
_a
4.65
_b
XAV
300
_a
257
546
_a
ENGLISH
_c
Computers
999
_c
29775
_d
29775